Normal view
MARC view
Entry Personal Name
001 - CONTROL NUMBER
- control field: 13417
003 - CONTROL NUMBER IDENTIFIER
- control field: HDC
005 - DATE AND TIME OF LATEST TRANSACTION
- control field: 20230624073416.0
008 - FIXED-LENGTH DATA ELEMENTS
- fixed length control field: 210210|| aca||aabn | a|a d
040 ## - CATALOGING SOURCE
- Original cataloging agency: HDC
- Transcribing agency: HDC
100 ## - HEADING--PERSONAL NAME
- Personal name: Abu Bakar Chik
670 ## - SOURCE DATA FOUND
- Source citation: Work cat.: (HDC): Abu Bakar Chik, author, Effect of milk diets on growth performance and carcass composition as veal from Sahiwal-Friesian calves /, 2001
